<?xml version="1.0" encoding="UTF-8"?>
<record
    xmlns:xsi="http://www.w3.org/2001/XMLSchema-instance"
    xsi:schemaLocation="http://www.loc.gov/MARC21/slim http://www.loc.gov/standards/marcxml/schema/MARC21slim.xsd"
    xmlns="http://www.loc.gov/MARC21/slim">

  <leader>03844    a2200301   4500</leader>
  <controlfield tag="003">NALT</controlfield>
  <controlfield tag="005">20250715160646.0</controlfield>
  <controlfield tag="008">220829b        th ||||| |||| 00| 0 tha d</controlfield>
  <datafield tag="020" ind1=" " ind2=" ">
    <subfield code="a">9786165810333</subfield>
  </datafield>
  <datafield tag="040" ind1=" " ind2=" ">
    <subfield code="a">NALT</subfield>
  </datafield>
  <datafield tag="090" ind1=" " ind2=" ">
    <subfield code="a">KD 5</subfield>
    <subfield code="b">&#xE01;944&#xE01; 2564</subfield>
  </datafield>
  <datafield tag="100" ind1="0" ind2=" ">
    <subfield code="a">&#xE42;&#xE01;&#xE40;&#xE21;&#xE28; &#xE02;&#xE27;&#xE31;&#xE0D;&#xE40;&#xE21;&#xE37;&#xE2D;&#xE07;</subfield>
    <subfield code="9">51560</subfield>
  </datafield>
  <datafield tag="245" ind1="1" ind2="0">
    <subfield code="a">&#xE01;&#xE0E;&#xE2B;&#xE21;&#xE32;&#xE22;&#xE23;&#xE31;&#xE10;&#xE18;&#xE23;&#xE23;&#xE21;&#xE19;&#xE39;&#xE0D;&#xE41;&#xE25;&#xE30;&#xE2A;&#xE16;&#xE32;&#xE1A;&#xE31;&#xE19;&#xE01;&#xE32;&#xE23;&#xE40;&#xE21;&#xE37;&#xE2D;&#xE07;&#xE02;&#xE2D;&#xE07;&#xE2A;&#xE2B;&#xE23;&#xE32;&#xE0A;&#xE2D;&#xE32;&#xE13;&#xE32;&#xE08;&#xE31;&#xE01;&#xE23; /</subfield>
    <subfield code="c">&#xE42;&#xE01;&#xE40;&#xE21;&#xE28; &#xE02;&#xE27;&#xE31;&#xE0D;&#xE40;&#xE21;&#xE37;&#xE2D;&#xE07;.</subfield>
  </datafield>
  <datafield tag="260" ind1=" " ind2=" ">
    <subfield code="b">&#xE01;&#xE23;&#xE38;&#xE07;&#xE40;&#xE17;&#xE1E;&#xE2F; :</subfield>
    <subfield code="a">&#xE27;&#xE34;&#xE0D;&#xE0D;&#xE39;&#xE0A;&#xE19;,</subfield>
    <subfield code="c">2564</subfield>
  </datafield>
  <datafield tag="300" ind1=" " ind2=" ">
    <subfield code="a">260 &#xE2B;&#xE19;&#xE49;&#xE32; :</subfield>
    <subfield code="b">&#xE15;&#xE32;&#xE23;&#xE32;&#xE07; ;</subfield>
    <subfield code="c">21 &#xE0B;&#xE21;.</subfield>
  </datafield>
  <datafield tag="505" ind1="2" ind2=" ">
    <subfield code="a">&#xE1A;&#xE17;&#xE17;&#xE35;&#xE48; 1 &#xE27;&#xE34;&#xE27;&#xE31;&#xE12;&#xE19;&#xE32;&#xE01;&#xE32;&#xE23;&#xE02;&#xE2D;&#xE07;&#xE23;&#xE30;&#xE1A;&#xE1A;&#xE01;&#xE32;&#xE23;&#xE40;&#xE21;&#xE37;&#xE2D;&#xE07;&#xE01;&#xE32;&#xE23;&#xE1B;&#xE01;&#xE04;&#xE23;&#xE2D;&#xE07;&#xE02;&#xE2D;&#xE07;&#xE2A;&#xE2B;&#xE23;&#xE32;&#xE0A;&#xE2D;&#xE32;&#xE13;&#xE32;&#xE08;&#xE31;&#xE01;&#xE23; -- 1.1 &#xE2A;&#xE21;&#xE31;&#xE22;&#xE41;&#xE2D;&#xE07;&#xE42;&#xE01;&#xE25;-&#xE41;&#xE0B;&#xE01;&#xE0B;&#xE2D;&#xE19; (&#xE04;.&#xE28;. 410-1066) -- 1.2 &#xE2A;&#xE21;&#xE31;&#xE22;&#xE19;&#xE2D;&#xE23;&#xE4C;&#xE21;&#xE31;&#xE19; (&#xE04;.&#xE28;. 1066) -- 1.3 &#xE2A;&#xE21;&#xE31;&#xE22;&#xE41;&#xE21;&#xE01;&#xE19;&#xE32; &#xE04;&#xE32;&#xE23;&#xE4C;&#xE15;&#xE32; (&#xE04;.&#xE28;. 1215) -- 1.4 &#xE2A;&#xE21;&#xE31;&#xE22;&#xE23;&#xE27;&#xE21;&#xE23;&#xE32;&#xE0A;&#xE2D;&#xE32;&#xE13;&#xE32;&#xE08;&#xE31;&#xE01;&#xE23;&#xE40;&#xE27;&#xE25;&#xE2A;&#xE4C;&#xE41;&#xE25;&#xE30;&#xE23;&#xE32;&#xE0A;&#xE2D;&#xE32;&#xE13;&#xE32;&#xE08;&#xE31;&#xE01;&#xE23;&#xE2D;&#xE31;&#xE07;&#xE01;&#xE24;&#xE29; (&#xE04;.&#xE28;. 1536) -- 1.5 &#xE2A;&#xE21;&#xE31;&#xE22;&#xE2A;&#xE07;&#xE04;&#xE23;&#xE32;&#xE21;&#xE01;&#xE25;&#xE32;&#xE07;&#xE40;&#xE21;&#xE37;&#xE2D;&#xE07;&#xE2D;&#xE31;&#xE07;&#xE01;&#xE24;&#xE29; (&#xE04;.&#xE28;. 1642-1651) -- 1.6 &#xE2A;&#xE21;&#xE31;&#xE22;&#xE44;&#xE23;&#xE49;&#xE01;&#xE29;&#xE31;&#xE15;&#xE23;&#xE34;&#xE22;&#xE4C; (&#xE04;.&#xE28;. 1649-1660) -- 1.7 &#xE2A;&#xE21;&#xE31;&#xE22;&#xE1F;&#xE37;&#xE49;&#xE19;&#xE1F;&#xE39;&#xE23;&#xE32;&#xE0A;&#xE27;&#xE07;&#xE28;&#xE4C;&#xE2D;&#xE31;&#xE07;&#xE01;&#xE24;&#xE29; (&#xE04;.&#xE28;. 1660) -- 1.8 &#xE2A;&#xE21;&#xE31;&#xE22;&#xE01;&#xE32;&#xE23;&#xE1B;&#xE0F;&#xE34;&#xE27;&#xE31;&#xE15;&#xE34;&#xE2D;&#xE31;&#xE19;&#xE23;&#xE38;&#xE48;&#xE07;&#xE42;&#xE23;&#xE08;&#xE19;&#xE4C; (&#xE04;.&#xE28;. 1689) -- 1.9 &#xE2A;&#xE21;&#xE31;&#xE22;&#xE23;&#xE27;&#xE21;&#xE23;&#xE32;&#xE0A;&#xE2D;&#xE32;&#xE13;&#xE32;&#xE08;&#xE31;&#xE01;&#xE23;&#xE2D;&#xE31;&#xE07;&#xE01;&#xE24;&#xE29;&#xE41;&#xE25;&#xE30;&#xE23;&#xE32;&#xE0A;&#xE2D;&#xE32;&#xE13;&#xE32;&#xE08;&#xE31;&#xE01;&#xE23;&#xE2A;&#xE01;&#xE2D;&#xE15;&#xE41;&#xE25;&#xE19;&#xE14;&#xE4C; (&#xE04;.&#xE28;. 1707) -- 1.10 &#xE2A;&#xE21;&#xE31;&#xE22;&#xE23;&#xE27;&#xE21;&#xE2A;&#xE32;&#xE21;&#xE23;&#xE32;&#xE0A;&#xE2D;&#xE32;&#xE13;&#xE32;&#xE08;&#xE31;&#xE01;&#xE23; (&#xE04;.&#xE28;.&#xE28;. 1800) -- 1.11 &#xE2A;&#xE21;&#xE31;&#xE22;&#xE16;&#xE48;&#xE32;&#xE22;&#xE42;&#xE2D;&#xE19;&#xE2D;&#xE33;&#xE19;&#xE32;&#xE08;&#xE43;&#xE2B;&#xE49;&#xE41;&#xE01;&#xE48;&#xE44;&#xE2D;&#xE23;&#xE4C;&#xE41;&#xE25;&#xE19;&#xE14;&#xE4C;&#xE40;&#xE2B;&#xE19;&#xE37;&#xE2D; &#xE2A;&#xE01;&#xE2D;&#xE15;&#xE41;&#xE25;&#xE19;&#xE14;&#xE4C;&#xE41;&#xE25;&#xE30;&#xE40;&#xE27;&#xE25;&#xE2A;&#xE4C; (&#xE04;.&#xE28;. 1998) -- &#xE1A;&#xE17;&#xE17;&#xE35;&#xE48; 2 &#xE01;&#xE0E;&#xE2B;&#xE21;&#xE32;&#xE22;&#xE23;&#xE31;&#xE10;&#xE18;&#xE23;&#xE23;&#xE21;&#xE19;&#xE19;&#xE39;&#xE0D;&#xE41;&#xE2B;&#xE48;&#xE07;&#xE2A;&#xE2B;&#xE23;&#xE32;&#xE0A;&#xE2D;&#xE32;&#xE13;&#xE32;&#xE08;&#xE31;&#xE01;&#xE23; -- 2.1 &#xE2D;&#xE07;&#xE04;&#xE4C;&#xE1B;&#xE23;&#xE30;&#xE01;&#xE2D;&#xE1A;&#xE02;&#xE2D;&#xE07;&#xE23;&#xE31;&#xE10;&#xE18;&#xE23;&#xE23;&#xE21;&#xE19;&#xE39;&#xE0D;&#xE41;&#xE2B;&#xE48;&#xE07;&#xE2A;&#xE2B;&#xE23;&#xE32;&#xE0A;&#xE2D;&#xE32;&#xE13;&#xE32;&#xE08;&#xE31;&#xE01;&#xE23; -- &#xE1A;&#xE17;&#xE17;&#xE35;&#xE48; 3 &#xE2A;&#xE16;&#xE32;&#xE1A;&#xE31;&#xE19;&#xE01;&#xE32;&#xE23;&#xE40;&#xE21;&#xE37;&#xE2D;&#xE07;&#xE02;&#xE2D;&#xE07;&#xE2A;&#xE2B;&#xE23;&#xE32;&#xE0A;&#xE2D;&#xE32;&#xE13;&#xE32;&#xE08;&#xE31;&#xE01;&#xE23; -- 3.1 &#xE2A;&#xE16;&#xE32;&#xE1A;&#xE31;&#xE19;&#xE1B;&#xE23;&#xE30;&#xE21;&#xE38;&#xE02;&#xE41;&#xE2B;&#xE48;&#xE07;&#xE23;&#xE31;&#xE10;&#xE02;&#xE2D;&#xE07;&#xE2A;&#xE2B;&#xE23;&#xE32;&#xE0A;&#xE2D;&#xE32;&#xE13;&#xE32;&#xE08;&#xE31;&#xE01;&#xE23; -- 3.2 &#xE2A;&#xE16;&#xE32;&#xE1A;&#xE31;&#xE19;&#xE23;&#xE31;&#xE10;&#xE1A;&#xE32;&#xE25;&#xE02;&#xE2D;&#xE07;&#xE2A;&#xE2B;&#xE23;&#xE32;&#xE0A;&#xE2D;&#xE32;&#xE13;&#xE32;&#xE08;&#xE31;&#xE01;&#xE23; -- 3.3 &#xE2A;&#xE16;&#xE32;&#xE1A;&#xE31;&#xE19;&#xE23;&#xE31;&#xE10;&#xE2A;&#xE20;&#xE32;&#xE2A;&#xE2B;&#xE23;&#xE32;&#xE0A;&#xE2D;&#xE32;&#xE13;&#xE32;&#xE08;&#xE31;&#xE01;&#xE23; -- 3.4 &#xE04;&#xE27;&#xE32;&#xE21;&#xE2A;&#xE31;&#xE21;&#xE1E;&#xE31;&#xE19;&#xE18;&#xE4C;&#xE23;&#xE30;&#xE2B;&#xE27;&#xE48;&#xE32;&#xE07;&#xE1D;&#xE48;&#xE32;&#xE22;&#xE19;&#xE34;&#xE15;&#xE34;&#xE1A;&#xE31;&#xE0D;&#xE0D;&#xE31;&#xE15;&#xE34;&#xE41;&#xE25;&#xE30;&#xE1D;&#xE48;&#xE32;&#xE22;&#xE1A;&#xE23;&#xE34;&#xE2B;&#xE32;&#xE23;&#xE15;&#xE32;&#xE21;&#xE18;&#xE23;&#xE23;&#xE21;&#xE40;&#xE19;&#xE35;&#xE22;&#xE21;&#xE1B;&#xE0F;&#xE34;&#xE1A;&#xE31;&#xE15;&#xE34;&#xE17;&#xE32;&#xE07;&#xE23;&#xE31;&#xE10;&#xE18;&#xE23;&#xE23;&#xE21;&#xE19;&#xE39;&#xE0D;&#xE02;&#xE2D;&#xE07;&#xE2A;&#xE2B;&#xE23;&#xE32;&#xE0A;&#xE2D;&#xE32;&#xE13;&#xE32;&#xE08;&#xE31;&#xE01;&#xE23; -- 3.5 &#xE2A;&#xE16;&#xE32;&#xE1A;&#xE31;&#xE19;&#xE19;&#xE34;&#xE15;&#xE34;&#xE1A;&#xE31;&#xE0D;&#xE0D;&#xE31;&#xE15;&#xE34;&#xE25;&#xE33;&#xE14;&#xE31;&#xE1A;&#xE23;&#xE2D;&#xE07;&#xE43;&#xE19;&#xE2A;&#xE2B;&#xE23;&#xE32;&#xE0A;&#xE2D;&#xE32;&#xE13;&#xE32;&#xE08;&#xE31;&#xE01;&#xE23;.</subfield>
  </datafield>
  <datafield tag="610" ind1="2" ind2="4">
    <subfield code="9">58915</subfield>
    <subfield code="a">&#xE2A;&#xE20;&#xE32;&#xE44;&#xE2D;&#xE23;&#xE4C;&#xE41;&#xE25;&#xE19;&#xE14;&#xE4C;&#xE40;&#xE2B;&#xE19;&#xE37;&#xE2D;</subfield>
  </datafield>
  <datafield tag="610" ind1="2" ind2="4">
    <subfield code="9">58916</subfield>
    <subfield code="a">&#xE2A;&#xE20;&#xE32;&#xE2A;&#xE01;&#xE2D;&#xE15;&#xE41;&#xE25;&#xE19;&#xE15;&#xE4C;</subfield>
  </datafield>
  <datafield tag="610" ind1="2" ind2="4">
    <subfield code="9">58917</subfield>
    <subfield code="a">&#xE2A;&#xE20;&#xE32;&#xE41;&#xE2B;&#xE48;&#xE07;&#xE40;&#xE27;&#xE25;&#xE2A;&#xE4C;</subfield>
  </datafield>
  <datafield tag="650" ind1=" " ind2="4">
    <subfield code="9">28689</subfield>
    <subfield code="a">&#xE01;&#xE0E;&#xE2B;&#xE21;&#xE32;&#xE22;&#xE23;&#xE31;&#xE10;&#xE18;&#xE23;&#xE23;&#xE21;&#xE19;&#xE39;&#xE0D;</subfield>
    <subfield code="z">&#xE2D;&#xE31;&#xE07;&#xE01;&#xE24;&#xE29;</subfield>
  </datafield>
  <datafield tag="650" ind1=" " ind2="4">
    <subfield code="a">&#xE01;&#xE0E;&#xE2B;&#xE21;&#xE32;&#xE22;&#xE23;&#xE31;&#xE10;&#xE18;&#xE23;&#xE23;&#xE21;&#xE19;&#xE39;&#xE0D;</subfield>
    <subfield code="x">&#xE2A;&#xE2B;&#xE23;&#xE32;&#xE0A;&#xE2D;&#xE32;&#xE13;&#xE32;&#xE08;&#xE31;&#xE01;&#xE23;</subfield>
    <subfield code="9">2063</subfield>
  </datafield>
  <datafield tag="650" ind1=" " ind2="4">
    <subfield code="9">58874</subfield>
    <subfield code="a">&#xE2A;&#xE16;&#xE32;&#xE1A;&#xE31;&#xE19;&#xE01;&#xE32;&#xE23;&#xE40;&#xE21;&#xE37;&#xE2D;&#xE07;</subfield>
    <subfield code="z">&#xE2D;&#xE31;&#xE07;&#xE01;&#xE24;&#xE29;</subfield>
  </datafield>
  <datafield tag="650" ind1=" " ind2="4">
    <subfield code="9">58875</subfield>
    <subfield code="a">&#xE2D;&#xE07;&#xE04;&#xE4C;&#xE01;&#xE23;&#xE19;&#xE34;&#xE15;&#xE34;&#xE1A;&#xE31;&#xE0D;&#xE0D;&#xE31;&#xE15;&#xE34;</subfield>
    <subfield code="z">&#xE2D;&#xE31;&#xE07;&#xE01;&#xE24;&#xE29;</subfield>
  </datafield>
  <datafield tag="850" ind1=" " ind2=" ">
    <subfield code="a">NALT</subfield>
  </datafield>
  <datafield tag="942" ind1=" " ind2=" ">
    <subfield code="2">local</subfield>
    <subfield code="c">LB</subfield>
  </datafield>
  <datafield tag="996" ind1=" " ind2=" ">
    <subfield code="a">saiphon.d</subfield>
    <subfield code="b">CATSTF	</subfield>
    <subfield code="c">2025-05-20</subfield>
  </datafield>
  <datafield tag="999" ind1=" " ind2=" ">
    <subfield code="c">100549</subfield>
    <subfield code="d">100549</subfield>
  </datafield>
  <datafield tag="998" ind1=" " ind2=" ">
    <subfield code="j">8</subfield>
    <subfield code="k"> &#xE19;&#xE32;&#xE22;&#xE1A;&#xE31;&#xE13;&#xE11;&#xE34;&#xE15;  &#xE2D;&#xE38;&#xE17;&#xE32;&#xE27;&#xE07;&#xE04;&#xE4C;</subfield>
  </datafield>
  <datafield tag="952" ind1=" " ind2=" ">
    <subfield code="0">0</subfield>
    <subfield code="1">0</subfield>
    <subfield code="2">local</subfield>
    <subfield code="4">0</subfield>
    <subfield code="7">0</subfield>
    <subfield code="8">CLAW</subfield>
    <subfield code="a">NALT</subfield>
    <subfield code="b">NALT</subfield>
    <subfield code="c">LAW</subfield>
    <subfield code="d">2022-08-18</subfield>
    <subfield code="e">23</subfield>
    <subfield code="l">19</subfield>
    <subfield code="m">11</subfield>
    <subfield code="o">KD 5 &#xE01;944&#xE01; 2564</subfield>
    <subfield code="p">3961213067</subfield>
    <subfield code="r">2025-11-12 00:00:00</subfield>
    <subfield code="s">2025-07-15</subfield>
    <subfield code="t">&#xE09;.1</subfield>
    <subfield code="w">2022-08-18</subfield>
    <subfield code="y">LB</subfield>
  </datafield>
  <datafield tag="952" ind1=" " ind2=" ">
    <subfield code="0">0</subfield>
    <subfield code="1">0</subfield>
    <subfield code="2">local</subfield>
    <subfield code="4">0</subfield>
    <subfield code="7">0</subfield>
    <subfield code="8">CLAW</subfield>
    <subfield code="a">NALT</subfield>
    <subfield code="b">NALT</subfield>
    <subfield code="c">LAW</subfield>
    <subfield code="d">2022-08-18</subfield>
    <subfield code="e">23</subfield>
    <subfield code="l">14</subfield>
    <subfield code="m">8</subfield>
    <subfield code="o">KD 5 &#xE01;944&#xE01; 2564</subfield>
    <subfield code="p">3961213068</subfield>
    <subfield code="r">2025-01-10 00:00:00</subfield>
    <subfield code="s">2024-12-26</subfield>
    <subfield code="t">&#xE09;.2</subfield>
    <subfield code="w">2022-08-18</subfield>
    <subfield code="y">LB</subfield>
  </datafield>
</record>
